000 00782nam a22002057a 4500
005 20180206143944.0
010 _a1718EN-30
020 _a9789332556584
_c499.00
035 _aB-684043-4062
037 _bBSB
_adpl
082 _a510
100 _aMishra, Sanjay
245 _aFundamentals of mathematics :
_cby Sanjay Mishra
_bfunctions and graphs /
260 _aNoida
_bPearson
_c2016
270 _a15th Floor, Tower-B, World Trade Tower, Plot No.1, Block-C, Sector-16
_bNoida
_e201301
300 v _aix,v.p.
_c26cm(pbk)
500 _aIncludes index
942 _2ddc
_cEN
_mMIS
_h510
999 _c145865
_d145865